| 000 | 01641nam a2200469Ii 4500 | ||
|---|---|---|---|
| 001 | DIGCSIC0583 | ||
| 003 | NyNyDIG | ||
| 006 | m o d | ||
| 007 | cr ||||||||||| | ||
| 008 | 211127s2021 sp ob 000 0 spa d | ||
| 035 | _a(OCoLC)1283853676 | ||
| 040 |
_aDGITA _beng _erda _epn _cDGITA |
||
| 020 |
_a9788400107437 _qeBook _qCSIC |
||
| 020 |
_z9788400107420 _qCSIC |
||
| 020 |
_a9788413521695 _qeBook _qCatarata |
||
| 020 |
_z9788413521688 _qCatarata |
||
| 024 | 7 |
_a833-21-011-7 _qe-NIPO _2nipo |
|
| 024 | 7 |
_z833-21-010-1 _2nipo |
|
| 050 | 1 | 4 | _aPC4074.75 ebook |
| 100 | 1 |
_aMate, Reyes, _eauthor. |
|
| 245 | 1 | 0 |
_aPensar en español / _cReyes Mate. |
| 264 | 1 |
_aMadrid : _bCSIC : _bCatarata, _c[2021] |
|
| 300 | _a1 online resource. | ||
| 336 |
_atext _btxt _2rdacontent |
||
| 337 |
_acomputer _bc _2rdamedia |
||
| 338 |
_aonline resource _bcr _2rdacarrier |
||
| 347 |
_atext file _2rdaft |
||
| 347 | _bEPUB | ||
| 490 | 1 |
_a¿Qué sabemos de? ; _v120 |
|
| 504 | _aIncludes bibliographical references. | ||
| 588 | 0 | _aOnline resource; title from ePub title page (Digitalia, viewed November 27, 2021) | |
| 650 | 0 |
_aLanguage _xPhilosophy. |
|
| 650 | 0 |
_aSpanish language _xSocial aspects. |
|
| 655 | 0 | _aElectronic books. | |
| 791 | 2 |
_aDigitalia (Firm), _edistributor. |
|
| 793 | 0 |
_gDigitalia eBook Collection: _aEditorial CSIC |
|
| 776 | 0 | 8 |
_iPrint version: _aMate, Reyes. _tPensar en español. _dMadrid : CSIC : Catarata, 2021 _z9788400107420 |
| 830 | 0 |
_a¿Qué sabemos de? ; _v120. |
|
| 856 | 4 | 0 |
_3Digitalia Hispánica _uhttps://www.digitaliapublishing.com/a/80881/ |
| 910 | _aPremium collection: 2021 | ||
| 942 | _cRAA | ||
| 999 |
_c264951 _d264951 |
||